00623nam a22001817a 4500010001100000035001100011037001800022040001200040082001700052245015100069260004500220270004000265300002600305650003000331650003700361650001600398700002700414 a264481 a264481 bCen Lib / Ret aDPLbEN a181.404bBHA aRecent indian philosophy :bpapers selected from the proceedings of the indian philosophical congress, 1925-1935 /cedited by Kalidas Bhattacharya aCalcutta bProgressive Publishers c1963 a22, Sitaram Ghose StreetbCalcutta  a(v 1. 400) b24cm(Hb0 aPhilosophy -- Congresses. aPhilosophy, Indic -- Congresses. aPhilosophy. aBhattacharya, Kalidas